Az ügyvédség kérdéséhez
Elmentve itt :
| Szerző: | |
|---|---|
| Dokumentumtípus: | Cikk |
| Megjelent: |
1927
|
| Sorozat: | Polgári jog : a hazai és külföldi magánjog és hiteljog szemléje
3 |
| Kulcsszavak: | Ügyvédség |
| Online Access: | http://misc.bibl.u-szeged.hu/4592 |
| LEADER | 00587nab a2200169 i 4500 | ||
|---|---|---|---|
| 001 | misc4592 | ||
| 005 | 20191106143003.0 | ||
| 008 | 170607s1927 hu o 0|| hun d | ||
| 040 | |a SZTE Miscellanea Repozitórium |b hun | ||
| 041 | |a hun | ||
| 100 | 1 | |a Pap József | |
| 245 | 1 | 3 | |a Az ügyvédség kérdéséhez |h [elektronikus dokumentum] / |c Pap József |
| 260 | |c 1927 | ||
| 300 | |a 187-194a | ||
| 490 | 0 | |a Polgári jog : a hazai és külföldi magánjog és hiteljog szemléje |v 3 | |
| 695 | |a Ügyvédség | ||
| 856 | 4 | 0 | |u http://misc.bibl.u-szeged.hu/4592/1/polgari_jog_1927_187-194a.pdf |z Dokumentum-elérés |